00590nam a2200169 a 450000100100000000500170001000800410002704000250006808200170009310000310011024500510014126000610019230000200025304900090027395201210028299900170040300002414020200930022742.0110119s1964 uy r 000 0 spa d aDO-SdBNPbspacBNPHU axxxxxbA481c1 aAmado Melo, Enrique94956810aCosecha anual :bpoemas /cEnrique Amado Melo. aMontevideo :bCooperativa Nacional de Escritores,c1964. a23 p. ;c17 cm. aBNGR 001054708MOaGRbGRcCTd2011-01-19iLF1l0oxxxxx A481cp24140-10r2020-06-25w2020-06-25y4ZPréstamo en sala c23634d23634